LIBRARY & INFORMATION CENTRE, KCAET, TAVANUR

ONLINE PUBLIC ACCESS CATALOGUE (OPAC)

Moulana Azad / (Record no. 3843)

MARC details
000 -LEADER
fixed length control field 00437cam a2200193ua 4500
041 ## - LANGUAGE CODE
Language code of text/sound track or separate title mal
082 ## - DEWEY DECIMAL CLASSIFICATION NUMBER
Classification number 923.2
Item number MAT/MO
100 ## - MAIN ENTRY--AUTHOR NAME
Personal name Mathew, C C .
245 ## - TITLE STATEMENT
Title Moulana Azad /
250 ## - EDITION STATEMENT
Edition statement 1 /
260 ## - PUBLICATION, DISTRIBUTION, ETC. (IMPRINT)
Place of publication Thrissur :
Name of publisher Current Books ,
Year of publication 1960.
300 ## - PHYSICAL DESCRIPTION
Number of Pages 90 ; .
942 ## - ADDED ENTRY ELEMENTS (KOHA)
Koha item type Books
Holdings
Withdrawn status Lost status Damaged status Home library Current library Date acquired Full call number Accession Number Koha item type Public note Cost, normal purchase price
Withdrawn     KAUAET KAUAET 07/04/2012 923.2 1590 Books   1.25
Withdrawn     KAUAET Malayalam University 07/04/2012 923.2 8502 Books Transferred to Malayalam University  
free website counter